[Event "Hum na Sutli op"]
[Site "Hum na Sutli"]
[Date "2010.11.23"]
[Round "4"]
[White "Krklec, Josip"]
[Black "Hrgetic, Ivan"]
[Result "0-1"]
[WhiteElo "2117"]
[BlackElo "1800"]
[PlyCount "90"]
[EventDate "2010.11.20"]
[EventType "swiss"]
[EventRounds "9"]
[EventCountry "CRO"]
[SourceTitle "CBM 139 Extra"]
[Source "ChessBase"]
[SourceDate "2011.01.05"]
[SourceVersion "1"]
[SourceVersionDate "2011.01.05"]
[SourceQuality "1"]

1. d3 c5 2. Bf4 Nc6 3. e3 Nf6 4. Nc3 e6 5. Nf3 d5 6. h3 a6 7. a3 Bd6 8. Bg5 h6 9. Bxf6 Qxf6 10. d4 0-0 11. g4 cxd4 12. exd4 Qf4 13. Bg2 Re8 14. Ne2 Qe4 15. Nh4 Qh7 16. Nf3 f6 17. Nfg1 b5 18. Nc3 Qg6 19. Nge2 Bd7 20. 0-0 f5 21. f3 Rac8 22. Qd2 Na5 23. b3 Nc6 24. Nd1 Ne7 25. c3 Qf6 26. Nf4 Qg5 27. h4 Qxf4 28. Qxf4 Bxf4 29. Bh3 Bd2 30. c4 dxc4 31. Ra2 c3 32. Rc2 Nd5 33. Kf2 b4 34. a4 Bxa4 35. bxa4 b3 36. Rxd2 cxd2 37. gxf5 exf5 38. Bxf5 Rc1 39. Be4 Nc3 40. Nxc3 Rxc3 41. Rd1 Rxe4 42. fxe4 b2 43. Ke2 Rc1 44. Kxd2 Rxd1+ 45. Kxd1 b1Q+ 0-1